Lo dinámico en la Iglesia /

Guardado en:
Bibliografiske detaljer
Hovedforfatter: Rahner, Karl (autor)
Format: Bog
Sprog:spansk
Udgivet: Barcelona, España : Herder, 1968, c1963
Udgivelse:2a edición
Serier:(Quaestiones Disputate)
Fag:
Tags: Tilføj Tag
Ingen Tags, Vær først til at tagge denne postø!

MARC

LEADER 00000nam^a2200000^a^4500
001 000272051
005 20250521000000.0
009 20260310111048.032
025 |a Donación Jesús Vergara Aceves, 1 ejemplar 
037 |a Acervo Xavier Clavigero 
041 |a ESP 
082 |a 282.  |b RAH 
100 |a Rahner, Karl  |e (autor) 
245 1 0 |a Lo dinámico en la Iglesia /  |c K. Rahner ; tr. por Alejandro Ros. 
250 |a 2a edición 
264 4 |a Barcelona, España :  |b Herder,  |c 1968, c1963 
300 |a 181 p. 
336 |a texto  |b txt  |2 rdacontenido 
337 |a sin mediación  |b n  |2 rdamedio 
338 |a volumen  |b nc  |2 rdasoporte 
440 1 |a (Quaestiones Disputate) 
500 |a Traducción de: Das Dynamische in der Kirche 
649 |a XX 
650 |a Vida Cristiana 
650 |a Eclesiología 
650 |a Dones Espirituales 
650 |a Ejercicios Espirituales 
650 |a Ejercicios Ignacianos 
650 |a Etica Cristiana 
650 |a Teología 
650 |a Iglesia Católica -  |x Tema Principal 
650 |a Catolicismo 
650 |a Cristianismo 
650 |a Religión 
910 |a Fondo Jesús Vergara Aceves S.J. 
920 |a Impresos - Libros 
930 |a Fondos Especiales 
905 |a 119 
901 |a 0500157967  |b IT2  |c ESP  |i D  |u 20250521 
901 |a 050349  |b IT2  |c ESP  |i D  |u 20250521 
901 |a 050457  |b IT2  |c ESP  |i D  |u 20250521 
901 |a 050458  |b IT2  |c ESP  |i D  |u 20250521 
902 |a https://opac.biblio.iteso.mx/vufind/Record/000272051